Harry Potter: Vie et Mensonges d'Albus Dumbledore - Statistiques

Statistiques générales
  • Ce quiz a été pris 41 fois
  • Le résultat moyen est 4 sur 5
Statistiques - réponses
Information Réponses % Correct
Sujet Biographie d'Albus Dumbledore
97%
Auteure Rita Skeeter
89%
Première apparition Harry Potter et les Reliques de la Mort
86%
Dernière apparition Harry Potter et les Reliques de la Mort
86%
Année de publication 1997
81%
Aucun quiz correspondant
Distribution des résultats
% des personnes avec chaque résultat
Percentile par nombre de réponses
Votre historique - résultats
Vous n’avez pas pris ce quiz